000 01096nam a2200205 i 4500
001 165592
003 ES-MaACL
005 20230906213153.0
008 011015s1890 sp c |||| |bspa d
080 _a929 Elices Montes, Ramón
100 1 _aSoto y Corro, Carolina de.
_9132842
245 1 0 _aAmericanistas ilustres
_b: Excmo. e Ilmo. Sr. D. Ramón Elices Montes fundador de "El pabellón español" de Méjico, la "Integridad nacional" de Puerto Rico y "La voz de la patria" de Madrid ... : apuntes biográficos con el retrato y un discurso del biografiado /
_cC. de Soto y Corro.
260 _aMadrid :
_b[s.n.],
_c1890 (
_fImp. de José Perales)
300 _a38 p., 1 retr. ;
_c16 cm.
530 _aDisponible en sisito web.
594 _aEncabezamiento completado con Palau, 320369, t. 22.
600 1 4 _aElices Montes, Ramón.
_946987
852 _aES-MaACL
_jT-604-F-4
_z. - Enc. hol. conservando la cub. original
_z. - Enc. en un vol. facticio
856 _uhttp://bibliotecadigitalhispanica.bne.es:80/webclient/DeliveryManager?pid=2689081&custom_att_2=simple_viewer
_zIr a la página
999 _c165592
_d165592